00665nam a22001577a 4500008004100000040005500041080001800096245010300114260005900217650002400276653001200300700002500312942001200337999001700349952014100366230331b |||||||| |||| 00| 0 eng d aNational Science LibrarycNational Science Library aD 778.14(063) aProceedings of the seventeenth annual meeting and conventionc/ The National Microfilm Association aMaryland: bThe National Microfilm Association, c1968 aInformation science aMeeting aTate, Vernon D (Ed.) 2udccPR c17457d17457 00102udc406D_7781406370925949aNSLbNSLcGF/Rk-4/C-19/R-5d1974-02-01l0oD 778.14(063)p45011r2023-03-31 00:00:00w2023-03-31yPR